00845nam a22002297a 450000500170000001000130001702000100003003500130004003700160005304000120006908200170008110000260009824500840012426000430020827000600025130000210031165000260033265000230035894200260038199900190040795201890042620170124110246.0 aA-427065 c00.00 aA-427065 bCen Lib/Ret aDPLbEN a792.015bSAF aSafdar Hashmi 997446 aThe right to perform :cby Safdar Hashmi bselected writings of safdar hashmi / aNew Delhi bSahmat Publications c1989 bVitthal bhai Patel House Rafi Marg aNew Delhi e110001 a180p. c20cm(Hb) aStreet theater997447 aIndic drama914941 2ddccENh792.015mSAF c135503d135503 04104070aLbLd2015-10-06eCen Lib/Retg0.00l0o792.015 SAFpA-427065r2015-10-06 00:00:00t1v0.00w2015-10-06yENzWritten off on approval by DLB (By Circulation); dtd 15-06-2023